|
|
|
|
| LEADER |
00644ntm a2200181 i 4500 |
| 001 |
misc57111 |
| 005 |
20200923143634.0 |
| 008 |
200616s1970 hu o 0|| ger d |
| 040 |
|
|
|a SZTE Miscellanea Repozitórium
|b hun
|
| 041 |
|
|
|a ger
|
| 041 |
|
|
|a chi
|
| 100 |
1 |
|
|a Kalmár László
|
| 245 |
1 |
0 |
|a Kalmár László levele Wang Jün-tin-hez [Wang Yongding]
|h [elektronikus dokumentum] /
|c Kalmár László
|
| 260 |
|
|
|c 1970-02-18
|
| 300 |
|
|
|a 1 fol.
|c 30 x 21 cm
|
| 561 |
|
|
|a Kalmár László kínai hagyaték
|
| 695 |
|
|
|a Levelezés - Kalmár László - Wang Yongding
|
| 856 |
4 |
0 |
|u http://misc.bibl.u-szeged.hu/57111/1/kalmar_013_02.pdf
|z Dokumentum-elérés
|